Statistiken für Stadt zu Land

Klicken Sie hier um das Quiz zu spielen!

Allgemein

  • Dieses Quiz wurde 239 mal gespielt
  • Das Durchschnittsergebnis liegt bei 8 aus 14

Antwortstatistiken

StadtUnd Land% Korrekt
AachenDeutschland
98%
VancouverKanada
94%
LinzÖsterreich
94%
JyväskyläFinnland
81%
EsbjergDänemark
80%
ChristchurchNeuseeland
75%
TurkmenabatTurkmenistan
69%
João PessoaBrasilien
58%
IsfahanIran
58%
PuneIndien
53%
Banda AcehIndonesien
33%
KanoNigeria
23%
NarvaEstland
22%
MekeleÄthiopien
9%

Verteilung der Resultate

Perzentil nach korrekt beantworteten Fragen

Anzahl Personen mit jedem Resultat

Ihre Resultats-Entwicklung

Sie haben dieses Quiz noch nicht gespielt